000 013540000a22003130004500
003 EG-GICUC
005 20250223024858.0
008 070519s2003 ua d f m 000 0 ara d
040 _aEG-GICUC
_bara
_cEG-GICUC
041 0 _aara
049 _aايداع
097 _aماجستير
099 _aCai01.13.05.M.Sc.2003.اح.د
100 0 _aاحمد سعد ابوسريع
245 1 0 _aدراسة مقارنة لبعض انظمة معالجة المخلفات السائلة بالريف المصرى /
_cاحمد سعد ابوسريع ؛ اشراف عزت عبدالشافى : خالد زاهر عبدالله
246 1 5 _aComparative study for wastewater traetment systems in egyptian rural areas
260 _aالقاهرة :
_bاحمد سعد ابوسريع :
_c2003
300 _a191 ورقة :
_bرسمات ؛
_c30سم
502 _aاطروحة (ماجستير) - جامعة القاهرة - كلية الهندسة - قسم الهندسة المدنية
530 _aصدر ايضا كقرص مدمج
653 4 _aالريف المصرى
653 4 _aالمخلفات السائلة
700 0 _aخالد زاهر عبدالله :
_eمشرف
700 0 _aعزت عبدالشافى :
_eمشرف
856 _uhttp://172.23.153.220/th.pdf
905 _aAmira
_eCataloger
905 _aEsam
_eRevisor
942 _2ddc
_cTH
999 _c986
_d986